000 00735cam a2200205 4500
001 ##L129336
008 050413n1997 000 0 eng u
035 _a(Sirsi) u129336
041 _aeng
050 0 4 _a692.30994 $2 18
110 2 _aProperty Council of Australia
_93603
245 0 0 _aMethod of measurement for lettable area
260 _aSydney
_bProperty Council of Australia
_c1997
300 _ai, 25p.
_c30cm.
350 _a170
520 _aGives a simple approach to floor space measurement that is both practical and cost effective. Measurement guidelines are given for office, retail, industrial and mixed-use premises.
651 4 _aAUSTRALIA
690 _aPROPERTY-PROPERTY APPRAISAL AND VALUATION
942 _n0
999 _c104149
_d104149